000 00437nam a2200181Ia 4500
001 13058
005 20260306163025.0
008 260306t2000||||xx |||||||||||||| ||spa||
041 _aESP
082 _aRD 658.3003
_bM33
100 _aMazabel Galarza, Cesar
_eAUT
245 0 _aDiccionario de recursos humanos
260 _c2000
300 _a318 páginas :
_c20 cm.
650 _aGEN
654 _aCAN
942 _cDIC
_dJUS
_fJUS
_2ddc
_n
999 _c13058
_d13058